Faculty of Law Library — Cairo University

Official Online Catalog

الفهرس الجنائي : (Record no. 64933)

MARC details
000 -LEADER
fixed length control field 01271nam a2200313 i 4500
003 - CONTROL NUMBER IDENTIFIER
control field EG-GICUC
005 - DATE AND TIME OF LATEST TRANSACTION
control field 20260416121138.0
008 - FIXED-LENGTH DATA ELEMENTS--GENERAL INFORMATION
fixed length control field 260304s1951 ua ||||fr|||| 00| 0 ara d
040 ## - CATALOGING SOURCE
Original cataloging agency EG-GICUC
Language of cataloging ara
Transcribing agency EG-GICUC
Modifying agency EG-GICUC
Description conventions rda
041 ## - LANGUAGE CODE
Language code of text/sound track or separate title ara
082 04 - DEWEY DECIMAL CLASSIFICATION NUMBER
Edition number 21
Classification number 343
Item number م ح . ف
092 04 - LOCALLY ASSIGNED DEWEY CALL NUMBER (OCLC)
Edition number 21
099 ## - LOCAL FREE-TEXT CALL NUMBER (OCLC)
Classification number Law1 10 343 م ح . ف 1 ed - 1951
100 0# - MAIN ENTRY--PERSONAL NAME
Personal name محمود أحمد عمر
Relator term مؤلف.
245 12 - TITLE STATEMENT
Title الفهرس الجنائي :
Remainder of title لقضاء محكمة النقض فى المدة من نوفمبر 1928 لغاية اكتوبر 1945 /
Statement of responsibility, etc. وضعه محمود أحمد عمر باشكاتب محكمة النقض والأبرام.
250 ## - EDITION STATEMENT
Edition statement الطبعة الأولى ،
Remainder of edition statement 1950-1951.
264 #1 - PRODUCTION, PUBLICATION, DISTRIBUTION, MANUFACTURE, AND COPYRIGHT NOTICE
Place of production, publication, distribution, manufacture القاهرة :
Name of producer, publisher, distributor, manufacturer المطبعة العالمية،
Date of production, publication, distribution, manufacture, or copyright notice 1951.
300 ## - PHYSICAL DESCRIPTION
Extent 590 صفحة ;
Dimensions 24 سم.
336 ## - CONTENT TYPE
Source rda content
Content type term text
337 ## - MEDIA TYPE
Source rda media
Media type term Computer
338 ## - CARRIER TYPE
Source rda carrier
Carrier type term Online Resource
504 ## - BIBLIOGRAPHY, ETC. NOTE
Bibliography, etc. note يشتمل على إرجاعات ببليوجرافية.
546 ## - LANGUAGE NOTE
Language note النص باللغة العربية
650 1# - SUBJECT ADDED ENTRY--TOPICAL TERM
Topical term or geographic name entry element القانون الجنائي
650 1# - SUBJECT ADDED ENTRY--TOPICAL TERM
Topical term or geographic name entry element العلوم الجنائية
856 40 - ELECTRONIC LOCATION AND ACCESS
Uniform Resource Identifier <a href="https://fll.law.cu.edu.eg/fulltext/bks/B10-08587.pdf">https://fll.law.cu.edu.eg/fulltext/bks/B10-08587.pdf</a>
905 ## - Cataloger and Reviser Names
Cataloger Name: Gomana
Revisor Name: Yara
942 ## - ADDED ENTRY ELEMENTS (KOHA)
Source of classification or shelving scheme Dewey Decimal Classification
Suppress in OPAC No
Koha item type Books
Edition 21
Holdings
Withdrawn status Lost status Source of classification or shelving scheme Damaged status Not for loan Collection Home library Current library Date acquired Total checkouts Full call number Barcode Date last seen Copy number Price effective from Koha item type
    Dewey Decimal Classification   Not for loan القانون الجنائي جــــامعة القــاهرة مكتبة كلية الحقوق - المبنى الرئيسي 04.03.2026   Law1 10 343 م ح . ف 1 ed - 1951 1008587 C1 B10-08587 04.03.2026 1 04.03.2026 Books

© All rights reserved — Faculty of Law, Cairo University